| 000 | 00533nam a22001697a 4500 | ||
|---|---|---|---|
| 082 |
_a690 _bSHA _cL-38,P-120 |
||
| 100 |
_aShah, Ramesh. _950936 |
||
| 245 |
_aBuilding Constructions _cRamesh Shah |
||
| 260 |
_aNew Delhi, _bVenus Books, _c2014. |
||
| 300 |
_avii,320. _bill. |
||
| 526 |
_a0 _b0 _c0 _d690_000000000000000_SHA |
||
| 526 |
_a0 _b0 _c0 _d690_000000000000000_SHA |
||
| 526 |
_a0 _b0 _c0 _d690_000000000000000_SHA |
||
| 526 |
_a0 _b0 _c0 _d690_000000000000000_SHA |
||
| 526 |
_a0 _b0 _c0 _d690_000000000000000_SHA |
||
| 942 |
_2ddc _cBK |
||
| 999 |
_c553696 _d553696 |
||